Culture Générale - Série 2054 - Statistiques

Statistiques générales
  • Ce quiz a été pris 100 fois
  • Le résultat moyen est 5 sur 10
Statistiques - réponses
Question Réponse % Correct
Quel est le prénom du philosophe Diderot et du physicien Papin ? Denis
81%
A quelle chanteuse doit on l’album « Bretonne » ? voir photo Nolwenn Leroy
77%
Quelle rivière prenant sa source dans le lac Champlain (Québec) porte le même nom qu’un célèbre cardinal français ? Richelieu
72%
Quelle est la spécialité culinaire du Puy-en-Velay (43) ? lentille
62%
Dans la Grèce antique, c'est le lieu de rassemblement social, politique et mercantile de la cité. agora
56%
Quelle partie du corps humain est affectée par la maladie infectieuse et contagieuse appelée érésipèle ou érysipèle ? peau
47%
Dans quelle région d'Italie se trouve la station de ski Sestrières ? Piémont
38%
Quel fruit est parfois appelé "groseille de Chine" ? kiwi
22%
Quel verbe de 6 lettres commençant par " o " signifie "empêcher, éviter, faire obstacle à, pallier, prévenir, remédier à" ? obvier
3%
Quel était le nom de scène de l'actrice française Blanche Fumoleau (1893-1964) ? Gaby Morlay
1%
Aucun quiz correspondant
Distribution des résultats
% des personnes avec chaque résultat
Percentile par nombre de réponses
Votre historique - résultats
Vous n’avez pas pris ce quiz